| 000 | 00881nam a2200265Ia 4500 | ||
|---|---|---|---|
| 003 | OSt | ||
| 005 | 20221005092148.0 | ||
| 006 | a|||||r|||| 00| 0 | ||
| 007 | ta | ||
| 008 | 221004b |||||||| |||| 00| 0 eng d | ||
| 020 |
_a9780415536967 (hbk) _c6948.80 |
||
| 024 | _a2161 | ||
| 037 |
_b36125, 25/10/2012, Segment Book Distributors _cTextual |
||
| 040 |
_aCRL _cCRL _beng |
||
| 041 |
_2eng _aeng |
||
| 082 | _aQ40aY:45.4, Q3 | ||
| 100 |
_aTikhonov Vladimir Ed. _9610526 |
||
| 245 | 0 |
_aBuddhism and violence _b Militarism and buddhism in modern asia |
|
| 260 |
_aNew York _bRoutledge U.S.A _c2013 |
||
| 300 |
_aviii, 264p. _ccm. |
||
| 650 | _aRELIGION | ||
| 700 |
_a Brekke Torkel Ed. _9387646 |
||
| 942 |
_hQ40aY:45.4, Q3 _cTEXL _2cc |
||
| 999 |
_c998453 _d998453 |
||